UM Logo

UP diksiyonaryong Filipino / (Record no. 20315)

MARC details
000 -LEADER
fixed length control field 00510nam a22001457a 4500
008 - FIXED-LENGTH DATA ELEMENTS--GENERAL INFORMATION
fixed length control field 240522b ||||| |||| 00| 0 eng d
020 ## - INTERNATIONAL STANDARD BOOK NUMBER
International Standard Book Number 9718781994
082 ## - DEWEY DECIMAL CLASSIFICATION NUMBER
Classification number DRef 499.21103
Item number Un3 2001
245 ## - TITLE STATEMENT
Title UP diksiyonaryong Filipino /
Statement of responsibility, etc. edited by Virgilio Almario.
260 ## - PUBLICATION, DISTRIBUTION, ETC. (IMPRINT)
Place of publication, distribution, etc. Pasig City :
Name of publisher, distributor, etc. Anvil Publishing Inc.,
Date of publication, distribution, etc. ©2001.
300 ## - PHYSICAL DESCRIPTION
Extent xviii, 961 pages :
Other physical details illustrations ;
Dimensions 28 cm.
650 ## - SUBJECT ADDED ENTRY--TOPICAL TERM
Topical term or geographic name as entry element Filipino language
Form subdivision Dictionaries.
9 (RLIN) 50402
700 ## - ADDED ENTRY--PERSONAL NAME
Personal name Almario, Virgilio S.
Relator term editor.
9 (RLIN) 57209
942 ## - ADDED ENTRY ELEMENTS (KOHA)
Source of classification or shelving scheme Dewey Decimal Classification
Koha item type Reference
Holdings
Withdrawn status Lost status Source of classification or shelving scheme Damaged status Not for loan Collection code Home library Current library Date acquired Source of acquisition Total Checkouts Full call number Barcode Date last seen Price effective from Koha item type
    Dewey Decimal Classification     Reference UM Digos College - LIC UM Digos College - LIC 10/06/2003 Purchased   DRef 499.21103 Un3 2001 16087 05/15/2025 05/22/2024 Reference